Calidad total y productividad
Guardat en:
| Autor principal: | |
|---|---|
| Format: | Llibre |
| Idioma: | espanyol |
| Publicat: |
Ciudad de México
McGraw-Hill
2010
|
| Edició: | 3a. ed |
| Matèries: | |
| Etiquetes: |
Afegir etiqueta
Sense etiquetes, Sigues el primer a etiquetar aquest registre!
|
MARC
| LEADER | 00000nam a2200000 a 4500 | ||
|---|---|---|---|
| 001 | UCG4887 | ||
| 003 | CL-VaPUC | ||
| 008 | 101216e20100000MX |||||||||||||||||spa|d | ||
| 020 | |a 9786071503152 | ||
| 082 | 0 | 4 | |a 658.4013 |b GUT |2 21 |
| 100 | |a Gutiérrez Pulido, Humberto |e author |9 222254 | ||
| 245 | 1 | 0 | |a Calidad total y productividad |
| 250 | |a 3a. ed | ||
| 300 | |a 363 p | ||
| 942 | |c BK | ||
| 945 | |d 20101216 00:00:00 |a cmena | ||
| 260 | |a Ciudad de México |b McGraw-Hill |c 2010 | ||
| 650 | 0 | |a Control de calidad |9 259714 | |
| 650 | 0 | |a Calidad total |9 259929 | |
| 650 | 0 | |a Productividad |9 335972 | |
| 650 | 0 | |a Competitividad |9 308495 | |
| 650 | 7 | |a TRABAJO EN EQUIPO |2 CL-VaPUC |9 393025 | |
| 650 | 0 | |a Planificación estratégica |9 259735 | |
| 650 | 0 | |a Métodos estadísticos |9 259407 | |
| 650 | 7 | |a SEIS SIGMA |2 CL-VaPUC |9 554369 | |
| 583 | |a last modification |c 20101216 00:00:00 |k Rodrigo Vera | ||
| 999 | |c 343487 |d 343485 | ||
| 952 | |0 0 |1 0 |4 0 |6 658_401300000000000_GUT_2010 |7 0 |8 A |9 440821 |a BIBENE |b BIBENE |d 2019-11-22 |i 4742249 |o 658.4013 GUT 2010 |p 4742249 |r 2025-01-15 |w 2019-11-22 |y BK |k ICO | ||